| 000 | 00438nam a22001697a 4500 | ||
|---|---|---|---|
| 003 | NUST - PNEC | ||
| 005 | 20170116180914.0 | ||
| 008 | 150903b xxu||||| |||| 00| 0 eng d | ||
| 020 | _a8173197210 | ||
| 040 | _cLIBRARY | ||
| 082 | _a620.1126 MAL | ||
| 100 |
_97373 _a Mallik, A. K. |
||
| 245 |
_aStability problems in applied mechanics _cA. K. Mallik |
||
| 260 | _cc 2005 | ||
| 650 |
_95842 _aMechanics, Applied _xME |
||
| 942 |
_2ddc _cBK |
||
| 999 |
_c65421 _d65421 |
||